| 000 | 00470nam a2200157 4500 | ||
|---|---|---|---|
| 005 | 20260218122405.0 | ||
| 008 | 260211b |||||||| |||| 00| 0 eng d | ||
| 041 | _aEnglish | ||
| 082 |
_aF 610.73 GRO _bB12211 |
||
| 100 |
_aGrover, Vikas _9216714 |
||
| 245 |
_aAIIMS Norcet-9 Nursing Officer 'B' General knowledge _bCommen Elegibility Test CBT Stage I |
||
| 260 |
_aNew Delhi _bBOOKHIVE INDIA _c2025 |
||
| 300 |
_a328p _bpb |
||
| 365 |
_aRupaye _b260 _cINR |
||
| 942 | _cBK | ||
| 999 |
_c370413 _d370413 |
||